American Song Contest - All Songs - Statistics

General Stats
  • This quiz has been taken 5 times
  • The average score is 38 of 56
Answer Stats
State or Territory Artist - Song Title % Correct
Oklakoma AleXa - Wonderland
100%
Puerto Rico Christian Pegán - Loko
100%
U.S. Virgin Islands Cruz Rock - Celebrando
100%
New York Enisa - Green Light
100%
Texas Grant Knoche - Mr. Independent
100%
Alaska Jewel - The Story
100%
Montana Jonah Phil - Fire It Up
100%
Mississippi Keyone Starr - Fire
100%
Arizona Las Marías - De La Finikera
100%
New Hampshire MARi - Fly
100%
Alabama NiCo - The Difference
100%
Maryland Sisqó - It's Up
100%
Georgia Stela Cole - DIY
100%
Michigan Ada LeAnn - Natalie
67%
West Virginia Alexis Cunningham - Working on a Miracle
67%
Florida Ale Zabala - Flirt
67%
Iowa Alisabeth Von Presley - Wonder
67%
Washington Allen Stone - A Bit Of Both
67%
Virginia Almira Zaky - Over You
67%
Pennsylvania Bri Stevens - Plenty Love
67%
Kansas Broderick Jones (ft. Calio) - Tell Me
67%
Hawaii Bronson Varde - 4 You
67%
New Jersey Brooke Alexx - I Don't Take Pictures Anymore
67%
Oregon courtship. - Million Dollar Smoothie
67%
Rhode Island Hueston - Held On Too Long
67%
Wisconsin Jake'O - Feel Your Love
67%
Guam Jason J. - Midnight
67%
Kentucky Jordan Smith - Sparrow
67%
Vermont Josh Panda - Rollercoaster
67%
South Dakota Judd Hoos - Bad Girl
67%
Arkansas Kelsey Lamb - Never Like This
67%
New Mexico Khalisol - Drop
67%
Maine King Kyote - Get Out Alive
67%
Ohio Macy Gray (ft. The California Jet Club and Maino) - Every Night
67%
Connecticut Michael Bolton - Beautiful World
67%
Washington, D.C. Nëither - I Like It
67%
Delaware Nitro Nitra - Train
67%
Wyoming Ryan Charles - New Boot Goofin'
67%
Northern Mariana Islands Sabyu - Sunsets and Seaturtles
67%
California Sweet Taboo - Keys to the Kingdom
67%
American Samoa Tenelle - Full Circle
67%
Nevada The Crystal Method (feat. Koda & VAAAL) - Watch Me Now
67%
Indiana UG skywalkin (ft. Maxie) - Love in My City
67%
Minnesota Yam Haus - Ready to Go
67%
Idaho Andrew Sheppard - Steady Machine
33%
Louisiana Brittany Pfantz - Now You Do
33%
North Dakota Chloe Fredericks - Can't Make You Love Me
33%
Missouri Halie - Better Things
33%
Massachusetts Jared Lee - Shameless
33%
South Carolina Jesse LeProtti - Not Alone
33%
Nebraska Jocelyn - Never Alone
33%
North Carolina John Morgan - Right in The Middle
33%
Illinois Justin Jesso - Lifeline
33%
Colorado Riker Lynch - Feel the Love
33%
Utah Savannah Keyes - Sad Girl
33%
Tennessee Tyler Braden - Seventeen
33%
No matching quizzes found
Score Distribution
Percent of People with Each Score
Percentile by Number Answered
Your Score History
You have not taken this quiz